Сборник задач и упражнений по общей электротехнике: учебное пособие для техникумов

Xehetasun bibliografikoak
Egile nagusia: Рабинович Э. А. Эмануил Абрамович
Gaia:Исключено из фонда НТБ ТПУ
Hizkuntza:errusiera
Argitaratua: Москва, Энергия, 1972
Formatua: MixedMaterials Liburua
KOHA link:https://koha.lib.tpu.ru/cgi-bin/koha/opac-detail.pl?biblionumber=295661

MARC

LEADER 00000nam0a2200000 4500
001 295661
005 20231101002444.0
035 |a (RuTPU)RU\TPU\book\320749 
035 |a RU\TPU\book\59086 
090 |a 295661 
100 |a 20150525d1971 m y0rusy50 ca 
101 0 |a rus 
102 |a RU 
105 |a a j 000zy 
200 1 |a Сборник задач и упражнений по общей электротехнике  |e учебное пособие для техникумов  |f Э. А. Рабинович 
210 |a Москва  |c Энергия  |d 1972 
215 |a 312 с.  |c ил. 
333 |a Исключено из фонда НТБ ТПУ 
700 1 |a Рабинович  |b Э. А.  |g Эмануил Абрамович 
801 1 |a RU  |b 63413507  |c 20030926  |g PSBO 
801 2 |a RU  |b 63413507  |c 20220614  |g PSBO 
942 |c BK